00824cam a2200205Ia 4500020001500000020001500015040000800030082002600038100002100064245001500085260004100100300002100141500007200162520018000234650001800414650001500432942000700447999001700454952014700471 a0439444438 a0439488400 cMGI a813 SCH 2002 A094 Or.1 aSpinelli, Jerry.10aStargirl / aNew York :bScholastic Inc.,cc2002. a188 p. ;c20 cm. a"First Scholastic paperback printing, September 2002."--T.p. verso. aIn this story about the perils of popularity, the courage of nonconformity, and the thrill of first love, an eccentric student named Stargirl changes Mica High School forever. 0aIndividuality 0aPopularity cEK c13006d13006 0010406813_000000000000000_SCH_2002_A094_OR70963171aLBAbLBAcA094d2017-08-19o813 SCH 2002 A094 Or.pA16695r2017-08-19w2017-08-19yEK